Goya : (Registro nro. 14468)

Detalles MARC
000 -LIDER
fixed length control field 01047nam a22003017a 4500
003 - IDENTIFICACDOR DE NÚMERO DE CONTROL
control field DO-SdBNP
005 - DATE AND TIME OF LATEST TRANSACTION
control field 20230928092025.0
008 - ELEMENTOS DE LONGITUD FIJA
fixed length control field 060721983 sp ac spa
017 ## - NÚMERO DE REGISTRO DE DERECHOS DE AUTOR
Copyright or legal deposit number
Assigning agency
035 ## - NÚMERO LOCAL
System control number
040 ## - FUENTE DE CATALOGACIÓN
Agencia que crea de manera original el registro BPMSU
Idioma de catalogación spa
Agencia que realiza la transcripción BPMSU
Convenciones de la despripción
082 #4 - NÚMERO DE CLASIFICACIÓN DECIMAL DE DEWEY
Classification number 759.6
Item number G724e 1983
Edition number 22
100 1# - ASIENTO PRINCIPAL -- NOMBRE PERSONAL
Nombre personal Hagen, Rose-Marie.
Fechas asociadas con el nombre 1746-1828
245 10 - MENCIÓN DE TITULO
Título Goya :
Subtítulo en las colecciones madrileñas /
Mención de responsabilidad Presentación Alfonso E. Pérez Sánchez
Medio (Designación general de material)
260 ## - PUBLICACIÓN, DISTRIBUCIÓN, ETC. (PIE DE IMPRENTA)
Lugar de publicación, distribución, etc [Barcelona] :
Nombre del editor, distribuidor, etc. Museo del Prado
Fecha de publicación, distribución, etc 1983
Lugar de impresión
Impresor
300 ## - DESCRIPCIÓN FÍSICA
Extensión 239 p. :
Otros detalles físicos il., retrs ;
Dimensiones 24 cm.
500 ## - NOTA GENERAL
Materiales especificados Esta exposición ha sido patrocinada por la Compañia CocaCola de Esapaña S.A
504 ## - NOTA DE BIBLIOGRAFÍA, ETC.
Bibliography, etc Bibliográfica p: 96
590 ## - NOTA LOCAL
Texto de la nota local Inventariado, 2023/VM
600 14 - ENCABEZAMIENTO DE MATERIA--NOMBRE PERSONAL
Nombre personal Goya, Francisco de
Fechas asociadas con el nombre 1746-1828
Subdivisión temática general Trabajos pictóricos
650 #4 - ENCABEZAMIENTO DE MATERIA--TEMÁTICO
Término temático o nombre geográfico como elemento de entrada Pintura española
Subdivisión de forma Catálogos
Subdivisión temática general
650 #4 - ENCABEZAMIENTO DE MATERIA--TEMÁTICO
Término temático o nombre geográfico como elemento de entrada Pintores españoles.
700 1# - ASIENTO SECUNDARIO -- NOMBRE PERSONAL
Nombre personal Pérez Sánchez, Alonso E.
Mención de responsabilidad presentación
710 2# - ASIENTO SECUNDARIO -- NOMBRE CORPORATIVO
Nombre corporativo o de jurisdicción Museo del Prado (España)
910 ## - VALIDACIÓN
Validación VMateo V. Control de calidad. BPMSU
942 ## - ADDED ENTRY ELEMENTS (KOHA)
Source of classification or shelving scheme Dewey Decimal Classification
Koha item type Libros
980 ## - EQUIVALENCE OR CROSS-REFERENCE-SERIES STATEMENT--PERSONAL NAME/TITLE [LOCAL, CANADA]
Personal name
--
Numeration
Attribution qualifier
Titles and other words associated with a name
Existencias
Withdrawn status Lost status Source of classification or shelving scheme Damaged status Not for loan Home library Current library Date acquired Total Checkouts Full call number Barcode Date last seen Price effective from Koha item type
    Dewey Decimal Classification     Biblioteca Pública Metropolitana Salomé Ureña Biblioteca Pública Metropolitana Salomé Ureña 09/28/2023   BPMSU CG 759.6 G724e 1983 BPMSU23090011 09/28/2023 09/28/2023 Libros